Rezervy v účtovníctve a vo finančnom riadení podniku diplomová práca

Salvato in:
Dettagli Bibliografici
Autore principale: Dzuríková, Eva
Ente Autore: Fakulta hospodárskej informatiky EU. Katedra účtovníctva a audítorstva
Altri autori: Soukupová, Božena
Natura: Libro
Lingua:slovacco
Pubblicazione: Bratislava 2011
Tags: Aggiungi Tag
Nessun Tag, puoi essere il primo ad aggiungerne!!

MARC

LEADER 00000nbm a2200000 4500
001 0132251
005 20161109101801.6
041 0 |a slo 
044 |a SK 
245 1 0 |a Rezervy v účtovníctve a vo finančnom riadení podniku  |b diplomová práca  |c Eva Dzuríková ; školiteľ: Božena Soukupová 
264 1 |a Bratislava  |c 2011 
300 |a 72 s. 
100 1 |a Dzuríková, Eva 
700 1 |a Soukupová, Božena 
710 2 |a Fakulta hospodárskej informatiky EU. Katedra účtovníctva a audítorstva